[Event "Nuremberg Zabo op 23rd"]
[Site "Nuremberg"]
[Date "2023.09.16"]
[Round "2"]
[White "Naegelein, Franz Albert"]
[Black "Suess, Helmut"]
[Result "0-1"]
[WhiteElo "2024"]
[BlackElo "1797"]
[PlyCount "130"]
[EventDate "2023.09.15"]
[EventType "swiss"]
[EventRounds "5"]
[EventCountry "GER"]
[SourceTitle "EXT 2024"]
[Source "ChessBase"]
[SourceDate "2023.10.10"]
[SourceVersion "1"]
[SourceVersionDate "2023.10.10"]
[SourceQuality "1"]

1. e4 g6 2. Nc3 Bg7 3. f4 c6 4. d4 d5 5. e5 h5 6. Nf3 Nh6 7. Bd3 Nf5 8. Ne2 h4 9. c3 a5 10. Qc2 Na6 11. Rg1 Nc7 12. g4 hxg3 13. hxg3 e6 14. Bd2 Bd7 15. 0-0-0 Qe7 16. Rh1 0-0-0 17. Qa4 b6 18. Qb3 Kb7 19. c4 dxc4 20. Bxc4 Ra8 21. Rxh8 Bxh8 22. Rh1 Qf8 23. Ng5 Bg7 24. Ne4 Ka7 25. g4 Nh6 26. Nd6 Rb8 27. Qa4 Ra8 28. Qa3 Kb8 29. Qb3 Nb5 30. Bxb5 cxb5 31. Qf3 Ra7 32. Kb1 Rc7 33. Rc1 Qd8 34. Qb3 Rxc1+ 35. Bxc1 Bc6 36. g5 Nf5 37. Nxf7 Be4+ 38. Ka1 Qd7 39. Nh6 Bxh6 40. gxh6 Nxh6 41. Qe3 Bd5 42. Qg3 Be4 43. Bd2 b4 44. a3 Qa4 45. Qe3 Qc2 46. Qg1 Qxd2 47. Ng3 bxa3 48. bxa3 Qc3+ 49. Ka2 Qc2+ 50. Ka1 Qc3+ 51. Ka2 Bd5+ 52. Kb1 Qb3+ 53. Kc1 Qxa3+ 54. Kd2 Qb2+ 55. Kd3 Nf5 56. Nxf5 gxf5 57. Qg8+ Ka7 58. Qc8 Be4+ 59. Ke3 Qb3+ 60. Kd2 Qd3+ 61. Kc1 Bd5 62. Qd7+ Ka6 63. Qc8+ Kb5 64. Qd7+ Bc6 65. Qxe6 Qc4+ 0-1

[Event "Mittelfranken-chTB2b 1920"]
[Site "Mittelfranken"]
[Date "2020.02.02"]
[Round "5.7"]
[White "Suess, Helmut"]
[Black "Weber, Willibald"]
[Result "1-0"]
[WhiteElo "1736"]
[BlackElo "1549"]
[PlyCount "63"]
[EventDate "2019.10.13"]
[EventType "team-tourn"]
[EventRounds "9"]
[EventCountry "GER"]
[SourceTitle "EXT 2023"]
[Source "ChessBase"]
[SourceDate "2022.10.05"]
[SourceVersion "1"]
[SourceVersionDate "2022.10.05"]
[SourceQuality "1"]
[WhiteTeam "Nuernberg NT IV"]
[BlackTeam "Nuernberg Anderssen"]
[WhiteTeamCountry "GER"]
[BlackTeamCountry "GER"]

1. d4 Nf6 2. Bf4 g6 3. Nc3 a6 4. e4 d6 5. Be2 Bg7 6. e5 Nfd7 7. exd6 cxd6 8. Bf3 Nf6 9. Nge2 0-0 10. 0-0 Qc7 11. Qd2 Bg4 12. Bxg4 Nxg4 13. Nd5 Qd8 14. h3 Nf6 15. Nxf6+ Bxf6 16. Bh6 Bg7 17. Bxg7 Kxg7 18. d5 Nd7 19. a4 Rc8 20. Ra3 Nf6 21. Re3 Re8 22. b3 Kg8 23. c4 Qd7 24. Nc3 Rc5 25. Rd3 Qc7 26. Re1 Qb6 27. Ne4 Nxe4 28. Rxe4 Qd8 29. Qh6 b5 30. Rh4 e5 31. Qxh7+ Kf8 32. Rf3 1-0

[Event "Mittelfranken Mitte-ch"]
[Site "Nuremberg"]
[Date "2020.01.05"]
[Round "4.10"]
[White "Nuesslein, Christian"]
[Black "Suess, Helmut"]
[Result "1/2-1/2"]
[WhiteElo "1848"]
[BlackElo "1814"]
[PlyCount "58"]
[EventDate "2020.01.03"]
[EventType "swiss"]
[EventRounds "7"]
[EventCountry "GER"]
[SourceTitle "EXT 2023"]
[Source "ChessBase"]
[SourceDate "2022.10.05"]
[SourceVersion "1"]
[SourceVersionDate "2022.10.05"]
[SourceQuality "1"]

1. b4 Nf6 2. Bb2 g6 3. c4 Bg7 4. e3 d6 5. Be2 e5 6. d3 c6 7. a4 Na6 8. b5 Nc7 9. Nd2 0-0 10. Bf3 Rb8 11. Qb3 Bg4 12. Qc2 Bxf3 13. Ngxf3 Re8 14. 0-0 Ne6 15. Nb3 Nd7 16. Nfd2 d5 17. Bc3 d4 18. exd4 Nxd4 19. Nxd4 exd4 20. Bb2 Re2 21. Qd1 Re6 22. Nb3 c5 23. Qd2 Qc7 24. Rae1 Rbe8 25. Rxe6 Rxe6 26. Re1 b6 27. Rxe6 fxe6 28. Qe2 Qe5 29. Kf1 Qxe2+ 1/2-1/2

[Event "Mittelfranken Mitte-ch"]
[Site "Nuremberg"]
[Date "2020.01.05"]
[Round "5.7"]
[White "Suess, Helmut"]
[Black "Redzepovic, Irfan"]
[Result "0-1"]
[WhiteElo "1814"]
[BlackElo "2056"]
[PlyCount "130"]
[EventDate "2020.01.03"]
[EventType "swiss"]
[EventRounds "7"]
[EventCountry "GER"]
[SourceTitle "EXT 2023"]
[Source "ChessBase"]
[SourceDate "2022.10.05"]
[SourceVersion "1"]
[SourceVersionDate "2022.10.05"]
[SourceQuality "1"]

1. d4 Nf6 2. Bg5 Ne4 3. Bf4 c5 4. f3 Nf6 5. dxc5 Qa5+ 6. Qd2 Qxc5 7. Qc3 Na6 8. Qxc5 Nxc5 9. e4 g6 10. Bc4 Bg7 11. Nc3 d6 12. Nge2 a6 13. a4 Bd7 14. a5 Rc8 15. Ba2 0-0 16. Be3 Rc7 17. Bd4 Be6 18. Bxe6 Nxe6 19. Bb6 Rc4 20. Ra4 Rfc8 21. Rxc4 Rxc4 22. Kf2 Nd7 23. Be3 Nd8 24. Bd2 Nc6 25. Ra1 Rc5 26. Ra3 Rxa5 27. Rxa5 Nxa5 28. b3 Nc6 29. Nd5 e6 30. Nb4 Nd4 31. Nxd4 Bxd4+ 32. Ke2 Kf8 33. Nd3 Ke7 34. h3 Ne5 35. c3 Ba7 36. Nxe5 dxe5 37. c4 Kd6 38. Kd3 f5 39. Ba5 Kc6 40. Bc3 Bb8 41. Bb4 Bd6 42. Bc3 g5 43. g4 f4 44. Bb2 b5 45. Bc3 b4 46. Bb2 a5 47. Kc2 Bc7 48. Ba1 Kd6 49. Kd3 Bb6 50. Bb2 Bd4 51. Bc1 Kc5 52. Bd2 a4 53. bxa4 b3 54. Ba5 b2 55. Kc2 Kxc4 56. Bd8 b1Q+ 57. Kxb1 Kd3 58. a5 Ke2 59. Bb6 Kxf3 60. Bxd4 exd4 61. a6 d3 62. a7 d2 63. a8Q d1Q+ 64. Kb2 Qe2+ 65. Kc1 Qxe4 0-1

[Event "Mittelfranken Mitte-ch"]
[Site "Nuremberg"]
[Date "2020.01.03"]
[Round "1.15"]
[White "Suess, Helmut"]
[Black "Mueller, Christian"]
[Result "0-1"]
[WhiteElo "1814"]
[BlackElo "2205"]
[PlyCount "76"]
[EventDate "2020.01.03"]
[EventType "swiss"]
[EventRounds "7"]
[EventCountry "GER"]
[SourceTitle "EXT 2023"]
[Source "ChessBase"]
[SourceDate "2022.10.05"]
[SourceVersion "1"]
[SourceVersionDate "2022.10.05"]
[SourceQuality "1"]

1. d4 d5 2. Bf4 Nf6 3. e3 e6 4. c3 Bd6 5. Bg3 c5 6. Nd2 Nc6 7. Nb3 b6 8. Nf3 Ne4 9. Bxd6 Qxd6 10. a4 0-0 11. Be2 e5 12. Nbd2 Nxd2 13. Qxd2 e4 14. Ng1 Na5 15. Ra3 Qg6 16. g3 c4 17. Bd1 Bg4 18. Ne2 Bf3 19. Nf4 Qf5 20. Rg1 g5 21. g4 Qf6 22. Nh5 Qd6 23. Bxf3 exf3 24. Rg3 Qg6 25. Qd1 f5 26. Qxf3 fxg4 27. Qxg4 Qb1+ 28. Qd1 Qxb2 29. Rxg5+ Kh8 30. Nf4 Qxa3 31. Nxd5 Rg8 32. Qh5 Rxg5 33. Qxg5 Qd6 34. f4 Rg8 35. Qh5 Qg6 36. Qe5+ Qg7 37. Nf6 Qg1+ 38. Ke2 Qxh2+ 0-1

[Event "Mittelfranken-chTB2b 1920"]
[Site "Mittelfranken"]
[Date "2019.12.01"]
[Round "3.8"]
[White "Suess, Helmut"]
[Black "Kurz, Leonhard"]
[Result "1-0"]
[WhiteElo "1736"]
[BlackElo "1424"]
[PlyCount "129"]
[EventDate "2019.10.13"]
[EventType "team-tourn"]
[EventRounds "9"]
[EventCountry "GER"]
[SourceTitle "EXT 2023"]
[Source "ChessBase"]
[SourceDate "2022.10.05"]
[SourceVersion "1"]
[SourceVersionDate "2022.10.05"]
[SourceQuality "1"]
[WhiteTeam "Nuernberg NT IV"]
[BlackTeam "Nuernberg SK 1911 II"]
[WhiteTeamCountry "GER"]
[BlackTeamCountry "GER"]

1. d4 Nf6 2. Bf4 d5 3. e3 Bf5 4. c3 Nbd7 5. Nf3 e6 6. h3 h6 7. Nbd2 Be7 8. Qb3 Nb6 9. Ne5 0-0 10. Be2 Ne4 11. Nxe4 Bxe4 12. Bf3 Bxf3 13. gxf3 Bg5 14. Bg3 f5 15. f4 Bf6 16. Nd3 Be7 17. Qd1 Nc4 18. Qh5 Qe8 19. Qxe8 Rfxe8 20. a4 a5 21. Ke2 b6 22. b3 Nd6 23. f3 Nf7 24. Be1 c5 25. Bd2 cxd4 26. cxd4 Rac8 27. Rhc1 Nd6 28. Rxc8 Rxc8 29. Rc1 Rxc1 30. Bxc1 Ne8 31. Bd2 Nc7 32. Ne5 Na6 33. Kd3 Bb4 34. Nd7 Bxd2 35. Kxd2 Kf7 36. Nxb6 Ke7 37. Nc8+ Kd7 38. Na7 Kc7 39. Nb5+ Kc6 40. Na3 Nc7 41. Nc2 Na6 42. Kc3 Kb6 43. b4 axb4+ 44. Nxb4 Nc7 45. Nd3 Ka5 46. Nc5 Kb6 47. Kb4 Kc6 48. Ka5 g5 49. Na6 Na8 50. Nb4+ Kd6 51. Kb5 gxf4 52. exf4 Nc7+ 53. Kb6 Kd7 54. Kb7 Ne8 55. a5 Nd6+ 56. Kb8 Nb5 57. a6 Nc7 58. a7 Kd6 59. a8Q Nxa8 60. Kxa8 Kc7 61. Ka7 Kd7 62. Kb6 Ke7 63. Kc6 Kf6 64. Kd6 Kg6 65. Kxe6 1-0

[Event "Nuremberg op"]
[Site "Nuremberg"]
[Date "2019.11.15"]
[Round "1"]
[White "Suess, Helmut"]
[Black "Denninger, Tanja"]
[Result "1-0"]
[WhiteElo "1720"]
[BlackElo "1108"]
[PlyCount "61"]
[EventDate "2019.11.15"]
[EventType "swiss"]
[EventRounds "5"]
[EventCountry "GER"]
[SourceTitle "CBM 193 Extra"]
[Source "ChessBase"]
[SourceDate "2020.01.31"]
[SourceVersion "1"]
[SourceVersionDate "2020.01.31"]
[SourceQuality "1"]

1. d4 Nf6 2. Bf4 d6 3. e3 Nh5 4. Qxh5 g6 5. Qd1 Bg7 6. c4 e5 7. dxe5 0-0 8. Nc3 dxe5 9. Qxd8 Rxd8 10. Bg5 Rd7 11. Rd1 c5 12. Rxd7 Bxd7 13. Nd5 Nc6 14. Ne2 Na5 15. Nec3 a6 16. Be2 b5 17. Nb6 Ra7 18. Nxd7 Rxd7 19. cxb5 axb5 20. Bxb5 Rb7 21. 0-0 e4 22. a4 h6 23. Bd8 Bxc3 24. bxc3 Nb3 25. Rd1 Ra7 26. Bf6 Kh7 27. Rd8 g5 28. g4 Kg6 29. Rd6 Rc7 30. Bd8+ Kh7 31. Bxc7 1-0

[Event "Mittelfranken-chTB2b 1920"]
[Site "Mittelfranken"]
[Date "2019.10.13"]
[Round "1.7"]
[White "Suess, Helmut"]
[Black "Guttenberger, Severin"]
[Result "1/2-1/2"]
[WhiteElo "1736"]
[BlackElo "1704"]
[PlyCount "75"]
[EventDate "2019.10.13"]
[EventType "team-tourn"]
[EventRounds "9"]
[EventCountry "GER"]
[SourceTitle "EXT 2023"]
[Source "ChessBase"]
[SourceDate "2022.10.05"]
[SourceVersion "1"]
[SourceVersionDate "2022.10.05"]
[SourceQuality "1"]
[WhiteTeam "Nuernberg NT IV"]
[BlackTeam "Stein SC"]
[WhiteTeamCountry "GER"]
[BlackTeamCountry "GER"]

1. d4 d6 2. c4 Nd7 3. Nc3 e5 4. e4 Ngf6 5. Nf3 Be7 6. Be2 0-0 7. 0-0 Re8 8. Qc2 c6 9. Bg5 exd4 10. Nxd4 Nc5 11. f3 Qb6 12. Be3 Qc7 13. b4 Ne6 14. Nf5 Bf8 15. Rad1 Nh5 16. f4 Nf6 17. Rd2 Nd8 18. Ng3 d5 19. Bd4 Nxe4 20. Ngxe4 dxe4 21. Nxe4 Ne6 22. Be5 Qb6+ 23. c5 Qxb4 24. Rb1 Bxc5+ 25. Kh1 Qa5 26. Bc3 Qc7 27. Nxc5 Nxc5 28. Be5 Qa5 29. Rbd1 Be6 30. Bf3 Nd7 31. Bc3 Qc7 32. f5 Bd5 33. Bxd5 cxd5 34. Rxd5 Rac8 35. Rxd7 Qxc3 36. Qxc3 Rxc3 37. Rxb7 Ra3 38. Rb2 1/2-1/2

[Event "Mittelfranken-chTB2b 1819"]
[Site "Mittelfranken"]
[Date "2019.04.28"]
[Round "9.8"]
[White "Suess, Helmut"]
[Black "Schlegel, Gerd"]
[Result "1-0"]
[WhiteElo "1711"]
[BlackElo "1455"]
[PlyCount "117"]
[EventDate "2018.10.14"]
[EventType "team-tourn"]
[EventRounds "9"]
[EventCountry "GER"]
[SourceTitle "EXT 2022"]
[Source "ChessBase"]
[SourceDate "2021.10.06"]
[SourceVersion "1"]
[SourceVersionDate "2021.10.06"]
[SourceQuality "1"]
[WhiteTeam "Nuernberg Noris Tarrasch IV"]
[BlackTeam "Uttenreuth"]
[WhiteTeamCountry "GER"]
[BlackTeamCountry "GER"]

1. d4 Nf6 2. Bg5 Ne4 3. Bf4 f5 4. e3 g6 5. Be5 Rg8 6. f3 Ng5 7. Nc3 d6 8. Bf4 Nf7 9. h4 Nd7 10. Bc4 Nb6 11. Bb3 e6 12. Qd2 Bd7 13. 0-0-0 Qe7 14. Nh3 h6 15. e4 fxe4 16. Nxe4 Bg7 17. Kb1 0-0-0 18. g4 Bc6 19. g5 Bxe4 20. fxe4 h5 21. Rhf1 Rgf8 22. Be3 Qd7 23. Nf4 d5 24. Nxg6 Rg8 25. e5 Nh8 26. Nf4 Rgf8 27. Nxh5 Ng6 28. Nxg7 Qxg7 29. h5 Nh4 30. Rf6 Nd7 31. Rxe6 Nf3 32. Qa5 Nb6 33. a3 Kb8 34. Ka2 Nxg5 35. Rg6 Qh7 36. Rxg5 Qe4 37. Qd2 Rh8 38. Rdg1 Qh4 39. Qg2 Rxh5 40. Rxh5 Qxh5 41. Qg5 Qe8 42. Qg6 Qb5 43. Qd3 Qe8 44. Bg5 Rd7 45. Bf6 Qe6 46. Rg7 a6 47. Rxd7 Nxd7 48. Qf3 c6 49. c3 b5 50. Bc2 Nf8 51. Bf5 Qf7 52. Qg3 Ne6 53. Qg6 Qxg6 54. Bxg6 Kc7 55. Bf7 Kd7 56. Bxe6+ Kxe6 57. Kb3 a5 58. a4 Kf5 59. Bd8 1-0

[Event "Mittelfranken-chTB2b 1819"]
[Site "Mittelfranken"]
[Date "2018.11.04"]
[Round "2.8"]
[White "Suess, Helmut"]
[Black "Arlt, Birgit"]
[Result "1/2-1/2"]
[WhiteElo "1711"]
[BlackElo "1620"]
[PlyCount "81"]
[EventDate "2018.10.14"]
[EventType "team-tourn"]
[EventRounds "9"]
[EventCountry "GER"]
[SourceTitle "EXT 2022"]
[Source "ChessBase"]
[SourceDate "2021.10.06"]
[SourceVersion "1"]
[SourceVersionDate "2021.10.06"]
[SourceQuality "1"]
[WhiteTeam "Nuernberg Noris Tarrasch IV"]
[BlackTeam "Schwanstetten"]
[WhiteTeamCountry "GER"]
[BlackTeamCountry "GER"]

1. d4 d5 2. Bf4 Nf6 3. e3 Bf5 4. c4 e6 5. Nc3 Bd6 6. Bg3 c6 7. Qb3 b6 8. Nf3 Bxg3 9. hxg3 Nbd7 10. Nh4 Be4 11. Rc1 Qc7 12. Be2 Rc8 13. cxd5 Bxd5 14. Nxd5 Nxd5 15. Nf3 Qd6 16. e4 Nc7 17. 0-0 0-0 18. Rfd1 Nb8 19. a4 Na8 20. Rc3 Rfe8 21. Rdc1 h6 22. Qc2 Rc7 23. e5 Qe7 24. Nd2 Rd8 25. Nf3 Rdc8 26. Qb3 c5 27. Qa3 Qf8 28. dxc5 Rxc5 29. Rxc5 Rxc5 30. Rxc5 Qxc5 31. Qxc5 bxc5 32. Nd2 Nd7 33. f4 Nab6 34. b3 Kf8 35. Kf2 Ke7 36. Bb5 f6 37. exf6+ Nxf6 38. Kf3 Kd6 39. g4 g5 40. g3 Kd5 41. a5 1/2-1/2

[Event "Nuremberg Zabo op 20th"]
[Site "Nuremberg"]
[Date "2018.09.15"]
[Round "2"]
[White "Mehlhorn, Uwe"]
[Black "Suess, Helmut"]
[Result "1/2-1/2"]
[WhiteElo "2114"]
[BlackElo "1711"]
[PlyCount "140"]
[EventDate "2018.09.15"]
[EventType "swiss"]
[EventRounds "5"]
[EventCountry "GER"]
[SourceTitle "EXT 2020"]
[Source "ChessBase"]
[SourceDate "2019.10.17"]
[SourceVersion "1"]
[SourceVersionDate "2019.10.17"]
[SourceQuality "1"]

1. b4 c6 2. e3 d5 3. c4 e5 4. Qb3 Be6 5. Bb2 f6 6. Nf3 Na6 7. a3 Nc7 8. Nc3 dxc4 9. Bxc4 Bxc4 10. Qxc4 Nd5 11. d4 Nxc3 12. Bxc3 e4 13. Qe6+ Qe7 14. Qxe7+ Nxe7 15. Nd2 Nd5 16. Bb2 f5 17. g4 g6 18. gxf5 gxf5 19. Rg1 Bd6 20. Ke2 0-0-0 21. Rg7 Bxh2 22. Rh1 Bd6 23. Rh5 Rdf8 24. Rhxh7 Rxh7 25. Rxh7 Nb6 26. Bc1 Bc7 27. Rh5 Nd5 28. Nc4 f4 29. Bd2 fxe3 30. fxe3 Rg8 31. Ne5 Nf6 32. Rf5 Nd5 33. Kf2 Rh8 34. Kg2 Rg8+ 35. Kh3 Rh8+ 36. Kg3 Rg8+ 37. Kh4 Bd8+ 38. Kh3 Rh8+ 39. Kg2 Rg8+ 40. Kf2 Rh8 41. Ke2 Rh2+ 42. Rf2 Rxf2+ 43. Kxf2 Bh4+ 44. Ke2 Kc7 45. Ng4 Kd6 46. Ne5 b5 47. Ng4 Bg3 48. Kf1 Ke6 49. Kg2 Bd6 50. Nf2 Kf5 51. Nd1 Ke6 52. Bc1 Kf5 53. Kh3 Be7 54. Nf2 Bd6 55. Bd2 Be7 56. Ng4 Bd6 57. Kh4 Be7+ 58. Kh5 Nf6+ 59. Nxf6 Bxf6 60. Be1 Be7 61. Bh4 Bd6 62. Bg5 Bg3 63. Bh4 Bd6 64. Bf2 Be7 65. Bh4 Bd6 66. Be1 Be7 67. Bf2 Bg5 68. Bg1 Be7 69. Bf2 Bg5 70. Bg1 Be7 1/2-1/2

[Event "Nuremberg Zabo op 20th"]
[Site "Nuremberg"]
[Date "2018.09.15"]
[Round "3"]
[White "Suess, Helmut"]
[Black "Braun, Kristin"]
[Result "1/2-1/2"]
[WhiteElo "1711"]
[BlackElo "1958"]
[PlyCount "98"]
[EventDate "2018.09.15"]
[EventType "swiss"]
[EventRounds "5"]
[EventCountry "GER"]
[SourceTitle "EXT 2020"]
[Source "ChessBase"]
[SourceDate "2019.10.17"]
[SourceVersion "1"]
[SourceVersionDate "2019.10.17"]
[SourceQuality "1"]

1. d4 Nf6 2. Bf4 g6 3. c4 Bg7 4. Nc3 d6 5. e4 0-0 6. h3 Nbd7 7. Nf3 b6 8. Qc2 Bb7 9. Be2 c5 10. d5 a6 11. 0-0 Nh5 12. Be3 Nhf6 13. Bf4 Ne8 14. Bd3 Nc7 15. a3 Rb8 16. Rab1 Bc8 17. a4 Nf6 18. Be3 Bd7 19. Ra1 b5 20. axb5 axb5 21. cxb5 Nxb5 22. Nxb5 Bxb5 23. Bxb5 Rxb5 24. Ra2 Qb6 25. Rfa1 Rb8 26. Ra6 Qd8 27. R1a2 Rb4 28. Nd2 Nd7 29. Nc4 Qc8 30. Ra7 Kf8 31. Bd2 R4b7 32. Bc3 Nf6 33. R2a6 Rxa7 34. Rxa7 Rb7 35. Rxb7 Qxb7 36. Na5 Qc7 37. Nc4 Ne8 38. Bxg7+ Nxg7 39. Qa4 Qb7 40. b3 Ne8 41. f3 Nc7 42. Nd2 Na6 43. Qa5 Qb4 44. Qxa6 Qxd2 45. Qb5 Qc1+ 46. Kh2 Qf4+ 47. Kg1 e6 48. dxe6 fxe6 49. Qd7 Qc1+ 1/2-1/2

[Event "Mittelfranken-ch QT 67th"]
[Site "Nuremberg"]
[Date "2018.03.31"]
[Round "7"]
[White "Konsek, Peter"]
[Black "Suess, Helmut"]
[Result "1-0"]
[WhiteElo "2063"]
[BlackElo "1889"]
[PlyCount "35"]
[EventDate "2018.03.28"]
[EventType "swiss"]
[EventRounds "7"]
[EventCountry "GER"]
[SourceTitle "EXT 2020"]
[Source "ChessBase"]
[SourceDate "2019.10.17"]
[SourceVersion "1"]
[SourceVersionDate "2019.10.17"]
[SourceQuality "1"]

1. e4 d5 2. exd5 Qxd5 3. Nc3 Qd8 4. d4 Nf6 5. Nf3 Bg4 6. h3 Bxf3 7. Qxf3 c6 8. Be3 e6 9. 0-0-0 Nbd7 10. Kb1 Bd6 11. g4 Qc7 12. Bg2 h6 13. h4 Nd5 14. Ne4 Bf4 15. c4 Nxe3 16. fxe3 Bd6 17. Rdf1 Nf8 18. Nxd6+ 1-0

[Event "Mittelfranken-ch QT 67th"]
[Site "Nuremberg"]
[Date "2018.03.28"]
[Round "2"]
[White "Greul, Hans"]
[Black "Suess, Helmut"]
[Result "1-0"]
[WhiteElo "2066"]
[BlackElo "1889"]
[PlyCount "79"]
[EventDate "2018.03.28"]
[EventType "swiss"]
[EventRounds "7"]
[EventCountry "GER"]
[SourceTitle "EXT 2020"]
[Source "ChessBase"]
[SourceDate "2019.10.17"]
[SourceVersion "1"]
[SourceVersionDate "2019.10.17"]
[SourceQuality "1"]

1. d4 Nf6 2. Nf3 e6 3. c4 Bb4+ 4. Bd2 Qe7 5. e3 0-0 6. Bd3 Bxd2+ 7. Nbxd2 d6 8. Qc2 Nbd7 9. 0-0 c5 10. Rfd1 b6 11. a3 Bb7 12. b4 e5 13. d5 Rfe8 14. Bf5 g6 15. Bxd7 Qxd7 16. bxc5 bxc5 17. Rdb1 Re7 18. Rb2 Rae8 19. Qc3 Kg7 20. Rab1 Bc8 21. h3 e4 22. Nh2 Re5 23. Rb8 h5 24. Ra8 Ba6 25. Rxe8 Qxe8 26. Qa5 Qc8 27. Nhf1 h4 28. Qc3 Qe8 29. Nh2 Bc8 30. Rb8 Qd7 31. f4 exf3 32. Ndxf3 Re8 33. Ng4 Qe7 34. Kf2 g5 35. Nxg5 Kg6 36. Nxf6 Qxf6+ 37. Qxf6+ Kxf6 38. Nf3 Rh8 39. e4 a6 40. Ke3 1-0

[Event "Mittelfranken-chTB2b 1718"]
[Site "Mittelfranken"]
[Date "2018.01.28"]
[Round "4.6"]
[White "Cipra, Lothar"]
[Black "Suess, Helmut"]
[Result "1-0"]
[WhiteElo "1882"]
[BlackElo "1742"]
[PlyCount "109"]
[EventDate "2017.10.08"]
[EventType "team-tourn"]
[EventRounds "9"]
[EventCountry "GER"]
[SourceTitle "EXT 2022"]
[Source "ChessBase"]
[SourceDate "2021.10.06"]
[SourceVersion "1"]
[SourceVersionDate "2021.10.06"]
[SourceQuality "1"]
[WhiteTeam "Schwanstetten"]
[BlackTeam "Nuernberg Noris Tarrasch IV"]
[WhiteTeamCountry "GER"]
[BlackTeamCountry "GER"]

1. d4 Nf6 2. c4 e6 3. Nf3 d5 4. Nc3 Be7 5. Bg5 Nbd7 6. e3 h6 7. Bh4 0-0 8. Bd3 c6 9. a3 dxc4 10. Bxc4 Nd5 11. Bxe7 Qxe7 12. e4 Nxc3 13. bxc3 Rd8 14. Qb3 b5 15. Bd3 e5 16. 0-0 Rb8 17. Rac1 c5 18. Bb1 a5 19. Rfd1 c4 20. Qa2 Ba6 21. Nxe5 Nxe5 22. dxe5 Qxe5 23. Qc2 g6 24. Rd2 Qe7 25. Rcd1 Rxd2 26. Qxd2 Kg7 27. Qd4+ Kh7 28. e5 Re8 29. f4 Bc8 30. Qd6 Qa7+ 31. Qd4 Qe7 32. Qb6 Bg4 33. Rd6 Qh4 34. g3 Qh3 35. Be4 Be2 36. Bg2 Qg4 37. Qxb5 Re6 38. Rd2 Bd3 39. Qxa5 h5 40. Qd5 h4 41. Qf3 Qxf3 42. Bxf3 hxg3 43. hxg3 Rb6 44. Be2 Bxe2 45. Rxe2 Rb3 46. Re3 Rxa3 47. Kf2 Kg7 48. Kf3 Kf8 49. Ke4 Ke7 50. Kd5 Ra4 51. Re4 Ra5+ 52. Kxc4 f6 53. g4 g5 54. exf6+ Kxf6 55. f5 1-0

[Event "Mittelfranken-chTB2b 1718"]
[Site "Mittelfranken"]
[Date "2017.11.19"]
[Round "3.5"]
[White "Korth, Manfred"]
[Black "Suess, Helmut"]
[Result "1-0"]
[WhiteElo "1820"]
[BlackElo "1742"]
[PlyCount "107"]
[EventDate "2017.10.08"]
[EventType "team-tourn"]
[EventRounds "9"]
[EventCountry "GER"]
[SourceTitle "EXT 2022"]
[Source "ChessBase"]
[SourceDate "2021.10.06"]
[SourceVersion "1"]
[SourceVersionDate "2021.10.06"]
[SourceQuality "1"]
[WhiteTeam "Heideck/Hilpoltstein"]
[BlackTeam "Nuernberg Noris Tarrasch IV"]
[WhiteTeamCountry "GER"]
[BlackTeamCountry "GER"]

1. d3 d5 2. c3 e5 3. Qc2 Nf6 4. e4 c6 5. Nf3 Bd6 6. Be2 0-0 7. 0-0 Bg4 8. Re1 Nbd7 9. Nbd2 Re8 10. Nf1 Nf8 11. Ne3 Ng6 12. Nxg4 Nxg4 13. h3 Nf6 14. Bg5 Be7 15. Bf1 h6 16. Be3 Qc7 17. g3 b6 18. Bg2 Rad8 19. Rad1 Bf8 20. Bc1 dxe4 21. dxe4 Rxd1 22. Rxd1 Rd8 23. Rxd8 Qxd8 24. Nd2 Be7 25. Nc4 b5 26. Ne3 Bc5 27. b4 Bb6 28. a4 a6 29. a5 Bxe3 30. Bxe3 Nf8 31. f4 exf4 32. gxf4 Ne6 33. Qd2 Qxd2 34. Bxd2 Kf8 35. Kf2 Ke7 36. Ke3 Kd7 37. f5 Nc7 38. Kd4 Ng8 39. Bf3 f6 40. Bf4 Ne7 41. Bg4 Ne8 42. Kc5 Nc7 43. e5 Ncd5 44. e6+ Kd8 45. Bd2 Kc7 46. c4 bxc4 47. Kxc4 Kd6 48. Kd4 Kc7 49. Be1 Kb7 50. Kc5 Nc8 51. Bg3 Nc3 52. Bf3 Na4+ 53. Kd4 Na7 54. e7 1-0

[Event "Mittelfranken-chTB2b 1718"]
[Site "Mittelfranken"]
[Date "2017.10.29"]
[Round "2.7"]
[White "Suess, Helmut"]
[Black "Golziow, Manfred"]
[Result "1/2-1/2"]
[WhiteElo "1742"]
[BlackElo "1760"]
[PlyCount "28"]
[EventDate "2017.10.08"]
[EventType "team-tourn"]
[EventRounds "9"]
[EventCountry "GER"]
[SourceTitle "EXT 2022"]
[Source "ChessBase"]
[SourceDate "2021.10.06"]
[SourceVersion "1"]
[SourceVersionDate "2021.10.06"]
[SourceQuality "1"]
[WhiteTeam "Nuernberg Noris Tarrasch IV"]
[BlackTeam "Nuernberg Anderssen"]
[WhiteTeamCountry "GER"]
[BlackTeamCountry "GER"]

1. d4 Nf6 2. Nf3 d5 3. c4 e6 4. Nc3 c6 5. Qb3 dxc4 6. Qxc4 b5 7. Qb3 Bb7 8. e3 a6 9. Be2 Be7 10. 0-0 0-0 11. Rd1 Nbd7 12. a4 b4 13. Nb1 a5 14. Nbd2 c5 1/2-1/2

[Event "Zirndorf Cup"]
[Site "Zirndorf"]
[Date "2017.09.03"]
[Round "7"]
[White "Suess, Helmut"]
[Black "Mock, Gabriel"]
[Result "1-0"]
[WhiteElo "1921"]
[BlackElo "1472"]
[PlyCount "39"]
[EventDate "2017.08.30"]
[EventType "swiss"]
[EventRounds "7"]
[EventCountry "GER"]
[SourceTitle "CBM 180 Extra"]
[Source "ChessBase"]
[SourceDate "2017.10.06"]
[SourceVersion "1"]
[SourceVersionDate "2017.10.06"]
[SourceQuality "1"]

1. d4 d5 2. Bf4 Nf6 3. e3 c5 4. Nc3 a6 5. Nf3 Nc6 6. dxc5 Bg4 7. Be2 e6 8. h3 Bf5 9. Nd4 Bg6 10. Nxc6 bxc6 11. b4 a5 12. a3 axb4 13. axb4 Rxa1 14. Qxa1 Bxc2 15. Qa6 Be7 16. Qxc6+ Qd7 17. Qa8+ Qd8 18. Bb5+ Nd7 19. Qxd8+ Kxd8 20. Kd2 1-0

[Event "Zirndorf Cup"]
[Site "Zirndorf"]
[Date "2017.08.31"]
[Round "2"]
[White "Puschendorf, Steffen"]
[Black "Suess, Helmut"]
[Result "1-0"]
[WhiteElo "2115"]
[BlackElo "1921"]
[PlyCount "120"]
[EventDate "2017.08.30"]
[EventType "swiss"]
[EventRounds "7"]
[EventCountry "GER"]
[SourceTitle "CBM 180 Extra"]
[Source "ChessBase"]
[SourceDate "2017.10.06"]
[SourceVersion "1"]
[SourceVersionDate "2017.10.06"]
[SourceQuality "1"]

1. d4 Nf6 2. c4 e6 3. g3 Bb4+ 4. Bd2 Bxd2+ 5. Qxd2 0-0 6. Nc3 d6 7. Nf3 Nbd7 8. Bg2 e5 9. e4 Qe7 10. 0-0 c6 11. Rad1 Nb6 12. b3 Bg4 13. h3 Bxf3 14. Bxf3 Rad8 15. Bg2 Nh5 16. Ne2 c5 17. d5 Nd7 18. g4 Nhf6 19. Ng3 g6 20. Bf3 Kh8 21. Kg2 Ng8 22. Rh1 Qh4 23. Be2 Qf6 24. h4 b6 25. Bf3 Rfe8 26. g5 Qe7 27. h5 Nf8 28. Rh2 Qb7 29. Rdh1 Re7 30. Bg4 Qa6 31. Qb2 b5 32. Be2 b4 33. f4 Qa3 34. Qxa3 bxa3 35. f5 a5 36. Rb1 Rb7 37. Rhh1 Ne7 38. Bd3 Kg8 39. Nf1 Rdb8 40. Ne3 Nd7 41. Ng4 a4 42. Bc2 axb3 43. Rxb3 Rxb3 44. Bxb3 gxf5 45. Nh6+ Kg7 46. Nxf5+ Nxf5 47. exf5 Nf8 48. h6+ Kg8 49. Kf3 Rb4 50. Rg1 Kh8 51. Ke3 Kg8 52. Kd3 Kh8 53. Kc3 Kg8 54. Rg3 Rb6 55. Rg1 Kh8 56. Rb1 Kg8 57. Bc2 Nd7 58. Rb3 Rxb3+ 59. Kxb3 Nb6 60. Bd3 Kf8 1-0